Singladura histórica de la Universidad Católica de Santa María (1961 -2019) (Registro nro. 21758)

Detalles MARC
000 -Cabecera
Campo de control interno 00948nam a2200241Ia 4500
005 - Fecha y hora del registro
control field 20260407134406.0
008 - Elementos de Longitud Fija
fixed length control field 260320s9999||||xx |||||||||||||| ||und||
020 ## - ISBN
ISBN 9786124373572
041 ## - Idioma
Codigo Idioma ESP
082 ## - DEWEY y NOTACIÓN INTERNA
Dewey 378.079854
Notación Interna A52 T. 2
100 ## - AUTOR
Autor denominación Amado La Rosa, Jaime,
Término de relación autor
245 #0 - TÍTULO DE MATERIAL BIBLIOGRÁFICO
Título Singladura histórica de la Universidad Católica de Santa María (1961 -2019)
250 ## - EDICIÓN
Edición Primera edición
260 ## - CIUDAD, EDITORIAL, AÑO
Ciudad Arequipa :
Nombre de la Editorial Universidad Católica de Santa María. Fondo Editorial,
Año 2019
300 ## - DESCRIPCIÓN
N° Páginas 510 páginas :
Otros detalles fotografías, retratos ;
Dimensiones 24 cm.
505 ## - TABLA DE CONTENIDO
Tabla de Contenido Contiene: Tomo 2. 2005-2019
650 ## - TEMAS
Temas Ciencias Sociales
653 ## - DESCRIPTORES
Lenguajes no controlado Educación superior; Universidad Católica de Santa María (Arequipa) - Historia; Universidades católicas - Arequipa (Perú)
654 ## - PROGRAMAS
Programa Dpto. de Educación
856 ## - URL - UBICACIÓN
URI/URL: Enlace exacto del recurso <a href="https://research-ebsco-com.ucsp.lookproxy.com/c/qxo6us/search">https://research-ebsco-com.ucsp.lookproxy.com/c/qxo6us/search</a>
Nota pública: Versión digital <a href="Véase además: Base de datos EBSCOhost">Véase además: Base de datos EBSCOhost</a>
942 ## - ELEMENTOS DE KOHA
Tipo de documento Libro
Nombre del creador Justo Noguera
Código de catalogador Margarita Torres
Esquema de clasificación Dewey Decimal Classification
Existencias
Codigo completo Registro Colección Copia número Disponibilidad Tipo de préstamo Biblioteca Actual Procedencia (Biblioteca) Ubicacón Fecha Ingreso Tipo de Adquisición Date last seen Total checkouts Price effective from Tipo de Item Estado del Material Fuente de Clasificación Damaged status Withdrawn status
378.079854 A52 T. 2 1085311 Universidad Católica San Pablo 1 Disponible Disponible Víctor Andrés Belaunde Víctor Andrés Belaunde Planta baja abierta 07/04/2026 Donación 07/04/2026   07/04/2026 Libro Bueno Dewey Decimal Classification